000
00214nam a22000857a 4500
008
170527b xxu||||| |||| 00| 0 eng d
100
_9
3155
_a
Singh.R.K.
245
_a
Research in Social Work
260
_a
Bhopal
_b
M.R.
_c
2008
999
_c
6451
_d
6451